| 000 | 00468nam a2200205Ia 4500 | ||
|---|---|---|---|
| 008 | 210210b1877 xxu||||| |||| 00| 0 eng d | ||
| 041 | _aeng | ||
| 082 | _a942/127 | ||
| 100 | _aKINGLAKE (A W) | ||
| 245 | _aInvasion of the crimea Vol II | ||
| 260 |
_aLondon _bWilliam Blackwood and Sons _c1877 |
||
| 650 | _aVol | ||
| 650 | _athe | ||
| 650 | _aof | ||
| 650 | _aInvasion | ||
| 650 | _aI | ||
| 650 | _acrimea | ||
| 690 | _aEuropean History | ||
| 906 | _a025534 | ||
| 999 |
_c151415 _d151415 |
||